000 03926nam a22003377a 4500
001 TIC 0017
003 gtcocun
005 20250923173808.0
006 a||||gr|||| 00| 0
007 ta
008 250923b2022 gt ||||| m||| 00| 0 eng d
040 _agtcocun
_bSPA
_cgtcocun
_eRDA
041 _aSPA TIC 0017
084 _0TIC 0017
100 _aMarroquín Reyes, Gabriel Antonio
_eAutor
245 _aDISEÑO Y PLANIFICACIÓN DE EDIFICIO PARA LA POLICÍA MUNICIPAL DE TRÁNSITO ÁREA URBANA, SISTEMA DE ABASTECIMIENTO DE AGUA ALDEA CAQUIPEC Y PROMOCIÓN DE DISPONIBILIDAD DE ALIMENTOS HORTÍCOLAS, SAN JUAN CHAMELCO, ALTA VERAPAZ./
_cGabriel Antonio Marroquín Reyes.
_hImpreso
264 _aCobán, Alta Verapaz:
_bUniversidad de San Carlos de Guatemala, Centro Universitario del Norte, Ingeniería Civil
_c2022
300 _a165 p.:
_bIlustraciones, gráficas.
_c28 cm;
300 _cPDF
336 _2rdacontenido
_aTexto
_btxt
337 _2rdamedio
_aComputadora
_bn
338 _2rdasoporte
_aCódigo en línea
_bcr
502 _eTIC 0017
502 _aTesis de grado
_bIngeniería Civil,
_cUniversidad de San Carlos de Guatemala, Centro Universitario del Norte, Ingeniería Civil,
_d2022
_oTIC 0017
520 _aEl Ejercicio Profesional Supervisado se realizó en la Dirección Municipal de Planificación DMP de la Municipalidad de San Juan Chamelco, Alta Verapaz bajo la dirección y supervisión del Centro Universitario del Norte CUNOR, así como del Programa de Ejercicio Profesional Supervisado Multidisciplinario EPSUM. El informe contiene la propuesta técnica para la solución de las necesidades de obras civiles en el municipio de San Juan Chamelco, Alta Verapaz. El trabajo se realizó durante ocho meses, se dividió en las etapas de diagnóstico, plan de trabajo y ejecución de actividades. La primera etapa fue la de diagnóstico y esta contiene una investigación de tipo monográfica y de necesidades de servicios básicos e infraestructura del municipio de San Juan Chamelco, Alta Verapaz, se identificó y se realizó una jerarquización de situaciones encontradas en donde se propusieron las más relevantes para luego plantear soluciones a los mismos en la siguiente etapa que es el plan de trabajo. La segunda etapa fue la del plan de trabajo, en esta se realizó la planificación, se ordenó y se sistematizó la información que se recabó en la etapa de diagnóstico, y así se tuvo una visión de las actividades que se realizaron. También se trazaron objetivos, así como dos situaciones priorizadas y un cronograma, el cual detalló el tiempo que se llevó cada una de las actividades de la etapa siguiente. La tercera y última etapa fue la de ejecución de actividades, se optó por el diseño y planificación del edificio para la Policía Municipal de Tránsito PMT, diseño y planificación del sistema de agua potable en la Aldea Caquipec, y, por último, como Proyecto Multidisciplinario, promoción de la disponibilidad de alimentos hortícolas en Sotzil, Campat y Chimox, aldeas priorizadas del municipio de San Juan Chamelco, Alta Verapaz. Durante el Ejercicio Profesional Supervisado se pusieron en práctica los conocimientos adquiridos durante los años de estudio, se crearon escenarios de retroalimentación con profesionales supervisores que lograron desarrollar criterios para la resolución de problemas técnicos específicos para la realización de los proyectos y se superaron cada una de las etapas a lo largo de los ocho meses.
650 1 4 _2LEMB
_aSan Juan Chamelco, Alta Verapaz.
_xIngeniería
_xDiseño
_xEjecución
_xInvestigación
_xSituaciones
_xPlanificación
700 _aIng. Civil. Marlon Alexander Morán Castro
_eAsesor
856 _uhttps://drive.google.com/file/d/1N6anSjnyBoTa2RlJHKXGDFM-jSyhU7jh/view
_yPDF
_zUn ejemplar en línea.
942 _2ddc
_cTES
_iTIC 0017
_kClasificación
_n0
_6TIC_0017_000000000000000
999 _c2090
_d2090